000 00561nam a2200205Ia 4500
003 OSt
005 20220926045824.0
006 a|||||r|||| 00| 0
007 ta
008 220923b |||||||| |||| 00| 0 eng d
037 _cGeneral Book
040 _aRTL
_cRTL
_beng
041 _2eng
_aeng
082 _aX::2:M0, H5/TD
100 _aMUKERJEE Radhakamal
_950966
245 0 _aEconomic history of India
_b 1600-1800.
300 _axxiii, 195p.
_ccm.
942 _hX::2:M0, H5/TD
_cGB
_2CC
999 _c678798
_d678798